Ako riadiť riziko súvisiace so zmenou počasia prostredníctvom derivátov na počasie

Finančné nástroje, ktoré by spoločnostiam ponúkali ochranu proti rizikám súvisiacim s počasím (weather-related-risks). Zavedenie derivátov na počasie ako obchodovateľnej komodity, odlišujúcej sa od poistenia.

Gespeichert in:
Bibliographische Detailangaben
1. Verfasser: Ponecová, Gabriela
Format: Buchkapitel
Sprache:Slowakisch
Schlagworte:
Tags: Tag hinzufügen
Keine Tags, Fügen Sie das erste Tag hinzu!

MARC

LEADER 00000naa$a2200000$$$4500
001 0181219
005 20240502073116.1
041 0 |a slo 
044 |a SK 
245 1 0 |a Ako riadiť riziko súvisiace so zmenou počasia prostredníctvom derivátov na počasie  |c Gabriela Ponecová 
520 |a Finančné nástroje, ktoré by spoločnostiam ponúkali ochranu proti rizikám súvisiacim s počasím (weather-related-risks). Zavedenie derivátov na počasie ako obchodovateľnej komodity, odlišujúcej sa od poistenia. 
610 2 0 |a obchody burzové 
610 2 0 |a obchody termínové 
610 2 0 |a nástroje investičné 
610 2 0 |a indexy burzové 
610 2 0 |a deriváty 
610 2 0 |a komodity 
610 2 0 |a počasie 
100 1 |a Ponecová, Gabriela